| 000 | 00353nam a2200145Ia 4500 | ||
|---|---|---|---|
| 008 | 150201s2005 xx 000 0 und d | ||
| 082 |
_a617.632 _bC2005V |
||
| 100 | _aVARMA & NAYAK R.P | ||
| 245 | _aCLINICAL PERIODONTOLOGY | ||
| 250 | _a1ST | ||
| 260 |
_bARYA PUBLICATION _aDELHI _c2005 |
||
| 300 | _a1-376 | ||
| 650 | _aPERIODONTICS | ||
| 942 |
_2ddc _cBK |
||
| 999 |
_c3495 _d3495 |
||